000 00517nam a2200157 i 4500
001 189060
003 ES-MaACL
005 20230906223352.0
008 190326s2013 xxu |||| | spa d
245 0 0 _aThe Bank of America Merrill Lynch
_b: proyecto de conservación de arte : beneficiarios 2012.
260 _a[S.l. :
_bs.n.,
_c2013?]
300 _a[24] p. :
_bil. ;
_c21 cm.
650 0 4 _aObras de arte-
_xRestauración.
_915666
710 2 _aBank of America Merrill Lynch.
_9171257
852 _aES-MaACL
_j2339-F-5
999 _c189060
_d189060